01241nab a22002177a 4500999001500000003000400015005001700019008004100036040000700077100002600084245013000110260007200240300001300312500003900325505036400364505008900728650002700817650002300844773014300867942001301010 c5906d5906OSt20260110012014.0190605e xxu||||| |||| 00| 0 spa d cPJ 95708aGarcía, Nadia13aLa movilidad jubilatoria a 30 años de la sanción de la ley 24.241 :buna historia tristemente repetida /cNadia García. aCiudad Autónoma de Buenos Aires :bThomson Reuters La Ley,c2023. ap. 28-35 aCita: TR LALEY AR/DOC/2568/2023.  aSumario: I. Introducción.— II. La movilidad en la ley 24.241: el Aporte Medio Previsional Obligatorio (AMPO).— III. Módulo Previsional (MOPRE).— IV. Ley 24.463: la movilidad que no fue.— V. La movilidad en la sucesión normativa: leyes 26.417, 27.426 y 27.541.— VI. La movilidad en la ley 27.609.— VII. Conclusiones.— VIII. Bibliografía.  t¿Te interesa el texto completo? Solicitalo al correo: koha@justierradelfuego.gov.ar 091395aSEGURIDAD SOCIAL 092154aJUBILACIONES0 0271193168dCiudad Autónoma de Buenos Aires : Thomson Reuters La Ley, 1999-2002.tRevista de derecho del trabajo. Nº 6 - Noviembre 2023 2udccANA